000 00414nam a2200181Ia 4500
005 20250603145239.0
008 250603s9999 xx 000 0 und d
020 _a9786487661
050 _aKP 123 .I8/
100 _a Izunwa Okechukwu, Muurice,PhD
245 0 _aLaw and Ethics of Healthcare
260 _aAnambra
260 _bGMP
260 _c2016
300 _a624 p
650 _aAnambra
942 _cBK
999 _c41303
_d41303